000 00503nam a2200193 a 4500
001 1774864617627
003 YourLibrary
005 20260330153038.0
008 260330s2004##################000#0#eng##
020 _a9780300103861
082 0 4 _a359.00941
_bBLA
100 1 _aBlack, Jeremy,
_eauthor.
245 1 0 _aThe British Seaborne Empire :
260 _bYale University Press,
_c2004.
300 _a448 pages
650 0 _aHistory.
942 _cENGLISH
040 _aYourLibrary
_beng
_cYourLibrary
999 _c618362
_d618362